Vzdelávanie zamestnancov ako súčasť personálnej práce v spoločnosti Sapa profily a. s.
Uložené v:
| Hlavný autor: | |
|---|---|
| Ďalší autori: | |
| Médium: | Rukopis Kniha |
| Jazyk: | Slovak |
| Vydavateľské údaje: |
Trnava :
STU v Bratislave MTF UPMK,
2012
|
| Predmet: | |
| On-line prístup: | VAIS |
| Tagy: |
Žiadne tagy, Buďte prvý, kto otaguje tento záznam!
|
MARC
| LEADER | 00000ntm a22000003a 4500 | ||
|---|---|---|---|
| 001 | stu251358 | ||
| 005 | 20150617230200.8 | ||
| 008 | 120719s2012----xo------------------slo-d | ||
| 040 | |a STU |b slo | ||
| 041 | 0 | |a slo | |
| 044 | |a xo | ||
| 100 | 1 | |a Bobáková, Jana, |d 1990- |4 aut |u M |T MTF Materiálovotechnologická fakulta |X 69450 |U M |Y 60 |7 A000069450 | |
| 242 | 0 | 0 | |a Training of employees as a part of the personnel work in Sapa profily, a.s. |y eng |
| 245 | 1 | |a Vzdelávanie zamestnancov ako súčasť personálnej práce v spoločnosti Sapa profily a. s. | |
| 260 | |a Trnava : |b STU v Bratislave MTF UPMK, |c 2012 | ||
| 300 | |a 43 s |c príl | ||
| 650 | 7 | |a personálna práca v priemyselnom podniku |2 stusub | |
| 650 | 7 | |a Personnel Policy in Industrial Plant |2 estusub | |
| 650 | 7 | |a riadenie ľudských zdrojov |2 stusub | |
| 650 | 7 | |a vzdelávanie zamestnancov |2 stusub | |
| 650 | 7 | |a personálna práca |2 stusub | |
| 700 | 1 | |a Tkáč, Lukáš, |d 1985- |4 ths |u M7000 |T MTF Ústav inžinierskej pedagogiky a humatitných vied |X 68835 |U M7000 |Y M7000 |7 A000068835 | |
| 856 | 4 | |a info a plný text |u http://is.stuba.sk/zp/portal_zp.pl?podrobnosti=71114 |3 VAIS | |
| 996 | |c M*BP-5775 |l MMSKP |s P |a 0 |w stu251358_0001 | ||